[Event "Herzliya op"]
[Site "Herzliya"]
[Date "2008.09.07"]
[Round "5"]
[White "Ilan, Liad"]
[Black "Gonshorovitz, Itay"]
[Result "0-1"]
[WhiteElo "2013"]
[BlackElo "2095"]
[PlyCount "86"]
[EventDate "2008.09.02"]
[EventType "swiss"]
[EventRounds "9"]
[EventCountry "ISR"]
[SourceTitle "CBM 126 Extra"]
[Source "ChessBase"]
[SourceDate "2008.11.05"]
[SourceVersion "1"]
[SourceVersionDate "2008.11.05"]
[SourceQuality "1"]

1. d4 d5 2. Nf3 Nf6 3. Bg5 e6 4. Nbd2 Be7 5. e3 0-0 6. Bd3 b6 7. Qe2 Bb7 8. h4 Nbd7 9. c3 Ne4 10. Bxe7 Qxe7 11. Ng5 f5 12. Bxe4 fxe4 13. f4 exf3 14. gxf3 e5 15. 0-0-0 h6 16. Nh3 exd4 17. cxd4 c5 18. Qg2 Rac8 19. Kb1 Qxe3 20. Rhg1 Rf7 21. Nf2 Qf4 22. Ng4 c4 23. Nf1 h5 24. Ngh2 c3 25. bxc3 Rxc3 26. Ng3 Nf6 27. Rde1 Qxd4 28. Nf5 Qd3+ 29. Kb2 Rfc7 30. Ne7+ Rxe7 31. Rxe7 Ng4 32. fxg4 Rc4 33. a3 Rc3 34. Re2 Rb3+ 35. Ka1 Qc3+ 36. Rb2 d4 37. Qc2 Rxa3+ 38. Kb1 Qe3 39. Qc4+ Kh8 40. Rc1 Be4+ 41. Rbc2 Rc3 42. Qa2 Rb3+ 43. Ka1 Ra3 0-1

[Event "Herzliya op"]
[Site "Herzliya"]
[Date "2008.09.02"]
[Round "1"]
[White "Ilan, Liad"]
[Black "Axelrod, Arie"]
[Result "0-1"]
[WhiteElo "2013"]
[BlackElo "2274"]
[PlyCount "78"]
[EventDate "2008.09.02"]
[EventType "swiss"]
[EventRounds "9"]
[EventCountry "ISR"]
[SourceTitle "CBM 126 Extra"]
[Source "ChessBase"]
[SourceDate "2008.11.05"]
[SourceVersion "1"]
[SourceVersionDate "2008.11.05"]
[SourceQuality "1"]

1. e4 c5 2. Ne2 Nf6 3. Nbc3 d6 4. d3 g6 5. g3 Nc6 6. Bg2 Bg7 7. 0-0 0-0 8. f4 Rb8 9. h3 Bd7 10. g4 Ne8 11. f5 e6 12. Ng3 Nd4 13. Nce2 exf5 14. gxf5 Be5 15. Nxd4 cxd4 16. Qg4 Kh8 17. Bg5 f6 18. Bf4 Rg8 19. Bxe5 dxe5 20. Qh4 g5 21. Qh6 Rc8 22. Rf2 Qe7 23. Bf3 Rc6 24. Kh1 Nd6 25. Rg1 Nf7 26. Qh5 Be8 27. Bd1 Nd6 28. Qg4 Bf7 29. b3 Ne8 30. Rh2 Ng7 31. h4 h5 32. hxg5 fxg5 33. Qh3 Rh6 34. f6 Qxf6 35. Bxh5 Bxh5 36. Nxh5 Nxh5 37. Qxh5 Rgg6 38. Qg4 Rxh2+ 39. Kxh2 Qf2+ 0-1

[Event "La Fere op 7th"]
[Site "La Fere"]
[Date "2008.07.07"]
[Round "4"]
[White "Ilan, Liad"]
[Black "Barbry, Quentin"]
[Result "1-0"]
[WhiteElo "2013"]
[BlackElo "1700"]
[PlyCount "81"]
[EventDate "2008.07.05"]
[EventType "swiss"]
[EventRounds "9"]
[EventCountry "FRA"]
[SourceTitle "CBM 125 Extra"]
[Source "ChessBase"]
[SourceDate "2008.09.01"]
[SourceVersion "1"]
[SourceVersionDate "2008.09.01"]
[SourceQuality "1"]

1. e4 e5 2. Nf3 Nc6 3. Bb5 Nf6 4. d3 d6 5. c3 Be7 6. 0-0 0-0 7. Re1 Bg4 8. Nbd2 a6 9. Bxc6 bxc6 10. Nf1 Rb8 11. Ng3 Nh5 12. h3 Bxf3 13. Qxf3 Nxg3 14. fxg3 Bf6 15. b4 d5 16. a3 Qd6 17. Be3 Qe6 18. Bc5 Rfd8 19. d4 Rd7 20. Kh2 Re8 21. Qf1 Ra8 22. Qe2 exd4 23. e5 d3 24. Qe3 Be7 25. Bd4 Qf5 26. Rad1 Bg5 27. Qxd3 Qxd3 28. Rxd3 Re8 29. Rf1 Rde7 30. Rdf3 Bh6 31. g4 Bg5 32. Kg3 Rd7 33. h4 Bd8 34. g5 Re6 35. Kh3 g6 36. g4 Kg7 37. Kg3 Kg8 38. R3f2 Re8 39. Rf3 Rf8 40. e6 Re7 41. Bc5 1-0

[Event "La Fere op 7th"]
[Site "La Fere"]
[Date "2008.07.06"]
[Round "2"]
[White "Ilan, Liad"]
[Black "Dumas, Victor"]
[Result "1-0"]
[WhiteElo "2013"]
[BlackElo "1756"]
[PlyCount "65"]
[EventDate "2008.07.05"]
[EventType "swiss"]
[EventRounds "9"]
[EventCountry "FRA"]
[SourceTitle "CBM 125 Extra"]
[Source "ChessBase"]
[SourceDate "2008.09.01"]
[SourceVersion "1"]
[SourceVersionDate "2008.09.01"]
[SourceQuality "1"]

1. e4 e5 2. Nf3 Nc6 3. Bb5 a6 4. Ba4 Nf6 5. 0-0 d6 6. c3 Bg4 7. h3 Bh5 8. Re1 Be7 9. d3 0-0 10. Nbd2 Nd7 11. Nf1 Nc5 12. Bc2 Ne6 13. Ng3 Bg6 14. d4 exd4 15. cxd4 d5 16. Nf5 dxe4 17. Nxe7+ Nxe7 18. Bxe4 Bxe4 19. Rxe4 c6 20. Ng5 Nxg5 21. Bxg5 f6 22. Qb3+ Nd5 23. Bd2 Qb6 24. Qc2 f5 25. Rh4 Rae8 26. Re1 g6 27. Re5 Qc7 28. Rxd5 Qe7 29. Re5 Qxh4 30. Qb3+ Kh8 31. Rxe8 Rxe8 32. Bc3 b5 33. Qf7 1-0

[Event "La Fere op 7th"]
[Site "La Fere"]
[Date "2008.07.05"]
[Round "1"]
[White "Ringoir, Tanguy"]
[Black "Ilan, Liad"]
[Result "1-0"]
[WhiteElo "2321"]
[BlackElo "2013"]
[PlyCount "61"]
[EventDate "2008.07.05"]
[EventType "swiss"]
[EventRounds "9"]
[EventCountry "FRA"]
[SourceTitle "CBM 125 Extra"]
[Source "ChessBase"]
[SourceDate "2008.09.01"]
[SourceVersion "1"]
[SourceVersionDate "2008.09.01"]
[SourceQuality "1"]

1. e4 e5 2. Nf3 Nc6 3. Bb5 a6 4. Ba4 Nf6 5. 0-0 Be7 6. Re1 b5 7. Bb3 0-0 8. c3 d5 9. d4 exd4 10. e5 Ne4 11. cxd4 Na5 12. Bc2 f5 13. exf6 Bxf6 14. Nc3 Nxc3 15. bxc3 Nc4 16. Ne5 Bxe5 17. dxe5 Bf5 18. Bxf5 Rxf5 19. f4 c6 20. a4 b4 21. Qd3 Rf8 22. Rb1 bxc3 23. Qxc3 Qa5 24. Qxa5 Nxa5 25. e6 Nc4 26. g4 Rab8 27. Rxb8 Rxb8 28. f5 Kf8 29. Kf1 Rb1 30. f6 gxf6 31. Bh6+ 1-0